| 000 | 01206nam a2200229Ia 4500 | ||
|---|---|---|---|
| 999 |
_c37920 _d37920 |
||
| 001 | 3898 | ||
| 003 | GE_BSU | ||
| 005 | 20190820164451.0 | ||
| 008 | 181216s1983||||ge |||||||||||||| ||geo|| | ||
| 040 | _cGE_BSU | ||
| 080 | _a323.1+39 | ||
| 100 |
_aყორანაშვილი, გ. _93705 |
||
| 245 |
_aეთნოფსიქოლოგია და ტრადიციები _cრედ. შ. ნადირაშვილი; საქ. სსრ მეცნ. აკადემია, სოც. და კულტ. ტრადიციათა პრობლემების სამეც. საკოორდინაციო ცენტრი. |
||
| 264 |
_a თბ. : _bმეცნიერება, _c1983. |
||
| 300 |
_a44 გვ. ; _b20 სმ. |
||
| 490 |
_aტრადიცია და თანამედროვეობა ; _vN10 |
||
| 504 | _aბიბლიოგრ. ტექსტის შენიშვნებში. | ||
| 520 | _aრეზ. რუს. ენაზე. | ||
| 653 | _aეთნოფსიქოლოგია | ||
| 700 |
_aნადირაშვილი, შ. _eრედაქტორი _92767 |
||
| 942 |
_cBK _2udc |
||